1225 1325 1704 1279 1299 1780 1910 1862 1544 1440 1758 1873 1248 1303 1637 1466 1699 1235 1953 1083 1376 1026 1897 1524 1490 1586 1815 1135 1419 1182 1809 1919 1439 1911 1669 1643 1858 1331 1559 1193 1819 1297 1238 1696 1873 1715 1526 1189 1787 1357 1094 1500 1670 1707 1686 1278 1680 1137 1008 1577 1711 1562 1924 1202 1852 1166 1559 1899 1498 1458 1505 1688 1311 1103 1658 1200 1972 1605 1514 1606 1366 1311 1439 1154 1815 1121 1348 1504 1634 1979 1287 1660 1941 1153 1072 1820 1532 1365 1341 BCNSPRNW ULIB Ver.6.0+V

เปลี่ยนเป็นภาษาไทย

Change to English
 แสดงรายละเอียดบรรณานุกรม
  กลับหน้าหลัก

Brief Record : Get Marc (ISO 2709) : E-mail record : QR code < ปิดหน้าต่าง
LEADER : 00000nam 2200000uu 4500
001    13399112334
003     ULIB
008    110627s2553||||th 000 0 tha d
020    9786165010054
090    นว.^bห481ร 2553
100 0  หัสบรรณ
245 00 รักนี้...โบกี้สุดท้าย/^cหัสบรรณ
250    พิมพ์ครั้งที่ 1
260    กรุงเทพฯ :^bPrincess,^c2553
300    256 หน้า
710 1  Princess
945    ^p180^l0^i030394
995    ทศพร
999 ^a ใช้งานได้ทุกระบบ
รายการนี้ยังไม่มีแท็ก
คุณยังไม่ได้ล็อกอิน คุณสามารถมีกิจกรรมร่วมกับเว็บไซต์ได้ แต่ต้องล็อกอินก่อน ::
  ล็อกอิน

รายการสื่อสารสนเทศ

ลำดับที่ ประเภท เลขเรียก/บาร์โค้ด สถานที่ สถานะ
- ไม่พบข้อมูล -

รายการใกล้เคียง
    ผู้แต่ง [หัสบรรณ]

BibComment


ยังไม่เคยถูกคอมเมนท์

คอมเมนท์ทรัพยากรรายการนี้
  คอมเมนท์: รักนี้โบกี้สุดท้า..


 Copyright 2026. Bcnsprnw @Library